000 00562nam a2200181Ia 4500
008 151202s9999||||xx |||||||||||||| ||und||
082 _bPNVM-57166
100 _aकदम बाबा
245 _aअ‍ॅक्युज्ड नं.2.
260 _b"शशीदीप प्रकाशन,पुणे."
260 _c1991
300 _a276
600 _aकदम बाबा
630 _aअ‍ॅक्युज्ड नं.2.
700 _aकदम बाबा
730 _aअ‍ॅक्युज्ड नं.2.
942 _cBOOK
999 _c1323704
_d1323701